| 000 | 00757nam a2200265 a 4500 | ||
|---|---|---|---|
| 001 | vtls000156563 | ||
| 003 | NLI | ||
| 005 | 20210602102159.0 | ||
| 008 | 101125s1921 xx 001 0 eng | ||
| 039 | 9 |
_y201011251633 _zVLOAD |
|
| 040 | 0 |
_aNLI _beng _cEntertech-FY 2010 _eAACR2 |
|
| 041 | 0 | _aeng | |
| 044 | _axx | ||
| 082 | 0 | 4 | _a150 |
| 100 | 1 |
_aMoore, Jared Sparks, _d1879-1951 _9192111 |
|
| 245 | 1 | 4 |
_aThe foundations of psychology / _cJared Sparks Moore |
| 260 |
_aS.l. : _bPrinceton University, _cc1921 |
||
| 300 |
_axix, 239 p. ; _c24 cm. |
||
| 504 | _aIncludes bibliographical references and index | ||
| 650 | 0 |
_aPsychology _95770 |
|
| 887 | _a | ||
| 901 |
_aG8454 _b19.2.1964 _9c.2 |
||
| 902 | _aE 150 M 784 | ||
| 942 |
_2ddc _cBKS |
||
| 999 |
_aVIRTUA40 _c162000 _d162000 |
||